| 000 | 00532nam a2200205Ia 4500 | ||
|---|---|---|---|
| 003 | GCL | ||
| 008 | 140319s9999 xx 000 0 eng d | ||
| 040 |
_aGCL / _cGCL |
||
| 082 | 0 | 4 |
_a747.7 _bP C |
| 100 | 1 | _aPARIKH, ANOOP | |
| 245 | 1 | 0 |
_aTHE CONRAN OCTOPEUS DECORATING BOOK / _cPARIKH, ANOOP |
| 700 | 1 | _aROBERTSON, DEBORA | |
| 260 |
_a[S.N] : _bCONRAN OCTOPUS ، _c1996 |
||
| 300 | _a352 P | ||
| 650 | 0 | 4 | _aWALL PAPER |
| 650 | 0 | 4 | _aINTERIOR DECORATION |
| 650 | 0 | 4 | _aFLOORS |
| 650 | 0 | 4 | _aDECORATIVE PAINTING |
| 942 |
_2ddc _cBK |
||
| 999 |
_c13716 _d13716 |
||